|
|
|
|
| LEADER |
00000nab a2200000ua 4500 |
| 001 |
vtls010784145 |
| 003 |
SK-MaSNL |
| 005 |
20260303173006.0 |
| 008 |
230222s1976 xo |||||||||||||||||slo| |
| 035 |
|
|
|a (urnnbn)urn:nbn:sk:snk:ar-a0077j
|
| 035 |
|
|
|a (uuid)6bf49877-83c2-4998-bc5b-5ad195d6a3aa
|
| 035 |
|
|
|a urn:nbn:sk:snk-ab45hg
|
| 040 |
|
|
|a SNKBUCL
|b slo
|c SNKBUCL
|e AACR2
|
| 041 |
0 |
|
|a slo
|
| 044 |
|
|
|a xo
|c SK
|
| 100 |
1 |
|
|a Roháčova, Irena
|4 aut
|9 342360
|
| 245 |
1 |
0 |
|a Dnešok - vtedajšia budúcnosť
|c Irena Roháčova
|
| 610 |
|
7 |
|a Komunistická strana Československa
|2 SNKKA
|9 32256
|
| 648 |
|
7 |
|a 1921
|2 snkbucl
|9 298079
|
| 651 |
|
7 |
|a Ľubochňa (Slovensko)
|2 SNKPH
|9 82539
|
| 773 |
0 |
|
|t Rodina a škola
|g Roč. 23, č. 5 (1976), s. 3-5
|
| 954 |
|
|
|a odborná, vedecká literatúra pôvodná (slovenská)
|2 lita
|
| 958 |
|
|
|a OND
|
| 958 |
|
|
|a EUIPO
|
| 958 |
|
|
|a article3
|
| 999 |
|
|
|c 2090478
|d 2092408
|